| 000 | 00347nam a2200133Ia 4500 | ||
|---|---|---|---|
| 008 | 240624s9999 xx 000 0 und d | ||
| 041 | _aeng | ||
| 082 | _a302.35 DON | ||
| 100 | _aDONALDSON LEX | ||
| 245 | _aAMERICAN ANTI MANAGEMENT THEORIES OF ORG | ||
| 260 |
_c1995 _aNew York _bCambridge University Press |
||
| 300 | _a280 : p. | ||
| 365 |
_c _b28 |
||
| 999 |
_c21103 _d21103 |
||